Normal view
MARC view
- India
Entry Geographic Name
001 - CONTROL NUMBER
- control field: 109359
003 - CONTROL NUMBER IDENTIFIER
- control field: NUST
005 - DATE AND TIME OF LATEST TRANSACTION
- control field: 20230221134830.0
008 - FIXED-LENGTH DATA ELEMENTS
- fixed length control field: 230221|| aca||aabn | a|a d
040 ## - CATALOGING SOURCE
- Original cataloging agency: NUST
- Transcribing agency: NUST
151 ## - HEADING--GEOGRAPHIC NAME
- Geographic name: India
- General subdivision: Foreign relations
- Geographic subdivision: Asia
670 ## - SOURCE DATA FOUND
- Source citation: Work cat.: (NUST)0: India's security interest in her neighbourhood /
